000 00826nam a2200229 a 4500
999 _c11177
_d11177
001 11177
003 BD-JhCC
005 20190806140127.0
008 190606b 2007bg a|||| ||a| 000 0 ben d
020 _a9844951801
035 _a(BD-JhCC)11177
040 _aBD-JhCC
_dBD-JhCC
041 _aben
082 _bHAS 2007
_a726.2
100 _aহাসান, খন্দকার মাহমুদুল
245 _aপ্রাচীন বাংলার পথে প্রান্তরে /
_cখন্দকার মাহমুদুল হাসান ।
260 _aঢাকা :
_bপার্ল পাবলিকেশন্স;
_c২০০৭.
300 _a৩১৯ পৃ. :
_bill;
_c২২ সেমি.
650 _aArchitecture -- Bangladesh
942 _2ddc
_cBK